Analýza situácie výživového stavu obyvateľstva Slovenskej republiky

Bibliographic Details
Format: Article
Language:Slovak
Subjects:

MARC

LEADER 00000nab a2200000 a 4500
001 vtls000720504
003 SK-MaSNL
005 20260302195058.0
008 140303c2000 xo 0 slo
015 |a SNBRB2000/04-10169 
035 |a CLN000072671 
040 |a SNKBUCL  |b slo  |c SNKBUCL  |e AACR2 
041 0 |a slo 
044 |a xo  |c SK 
080 |a 613.2(437.6)  |2 1997 
245 0 0 |a Analýza situácie výživového stavu obyvateľstva Slovenskej republiky 
630 0 7 |a Analýza situácie výživového stavu obyvateľstva Slovenskej republiky  |2 snkbucl  |9 916055 
650 0 7 |a výživa  |z Slovensko  |2 snkbucl  |9 908493 
655 7 |a články z novín a časopisov  |2 snkbucl  |9 267496 
773 0 |t Zdravotnícke noviny  |g Roč. 5, č. 9 (2000), s. 6  |x 1335-4477 
850 |a Slovenská národná knižnica v Martine 
852 |a SNK  |b KIS3GCP 
958 |a MI 
958 |a SK 
992 |a RBX 
999 |c 1451221  |d 1453151